| 000 -LEADER |
| fixed length control field |
02063cam a2200529Ia 4500 |
| 001 - CONTROL NUMBER |
| control field |
246895639 |
| 003 - CONTROL NUMBER IDENTIFIER |
| control field |
OCoLC |
| 005 - DATE AND TIME OF LATEST TRANSACTION |
| control field |
20190726143430.0 |
| 008 - FIXED-LENGTH DATA ELEMENTS--GENERAL INFORMATION |
| fixed length control field |
080907s2009 nyu 000 1 eng d |
| 020 ## - INTERNATIONAL STANDARD BOOK NUMBER |
| International Standard Book Number |
9780061771354 |
| 020 ## - INTERNATIONAL STANDARD BOOK NUMBER |
| International Standard Book Number |
006177135X |
| 035 ## - SYSTEM CONTROL NUMBER |
| System control number |
(OCoLC)246895639 |
| Canceled/invalid control number |
(OCoLC)671759526 |
| -- |
(OCoLC)974418560 |
| 040 ## - CATALOGING SOURCE |
| Original cataloging agency |
BTCTA |
| Language of cataloging |
eng |
| Transcribing agency |
BTCTA |
| Modifying agency |
JCRLT |
| -- |
NYP |
| 043 ## - GEOGRAPHIC AREA CODE |
| Geographic area code |
n-us-md |
| 049 ## - LOCAL HOLDINGS (OCLC) |
| Holding library |
NYPP |
| 082 04 - DEWEY DECIMAL CLASSIFICATION NUMBER |
| Classification number |
FIC LIP |
| Edition number |
22 |
| 091 ## - MICROFILM SHELF LOCATION (AM) [OBSOLETE] |
| Microfilm shelf location |
MYSTERY |
| 100 1# - MAIN ENTRY--PERSONAL NAME |
| Personal name |
Lippman, Laura, |
| Dates associated with a name |
1959- |
| Relator term |
author |
| 245 10 - TITLE STATEMENT |
| Title |
What the dead know : |
| Remainder of title |
a novel / |
| Statement of responsibility, etc. |
Laura Lippman. |
| 250 ## - EDITION STATEMENT |
| Edition statement |
1st Avon paperback ed. |
| 260 ## - PUBLICATION, DISTRIBUTION, ETC. |
| Place of publication, distribution, etc. |
New York : |
| Name of publisher, distributor, etc. |
Avon, |
| Date of publication, distribution, etc. |
2009. |
| 300 ## - PHYSICAL DESCRIPTION |
| Extent |
372 pages ; |
| Dimensions |
21 cm. |
| 336 ## - CONTENT TYPE |
| Content type term |
text |
| Content type code |
txt |
| Source |
rdacontent. |
| 337 ## - MEDIA TYPE |
| Media type term |
unmediated |
| Media type code |
n |
| Source |
rdamedia. |
| 338 ## - CARRIER TYPE |
| Carrier type term |
volume |
| Carrier type code |
nc |
| Source |
rdacarrier. |
| 500 ## - GENERAL NOTE |
| General note |
Previously published: New York : William Morrow, 2007. |
| 500 ## - GENERAL NOTE |
| General note |
Includes "A+ : Author insights, extras, & more ..." (18 p.) at end of volume. |
| 520 ## - SUMMARY, ETC. |
| Summary, etc. |
Interviewing a distressed and disoriented woman who has fled the scene of an accident, Baltimore County police department detective Kevin Infante is amazed when she claims to be the younger of a pair of sisters who were abducted thirty years earlier. |
| 650 #0 - SUBJECT ADDED ENTRY--TOPICAL TERM |
| Topical term or geographic name entry element |
Infante, Kevin (Fictitious character) |
| Form subdivision |
Fiction. |
| 650 #0 - SUBJECT ADDED ENTRY--TOPICAL TERM |
| Topical term or geographic name entry element |
Police |
| Geographic subdivision |
Maryland |
| -- |
Baltimore |
| Form subdivision |
Fiction. |
| 650 #0 - SUBJECT ADDED ENTRY--TOPICAL TERM |
| Topical term or geographic name entry element |
Kidnapping |
| Form subdivision |
Fiction. |
| 650 #0 - SUBJECT ADDED ENTRY--TOPICAL TERM |
| Topical term or geographic name entry element |
Cold cases (Criminal investigation) |
| Form subdivision |
Fiction. |
| 650 #7 - SUBJECT ADDED ENTRY--TOPICAL TERM |
| Topical term or geographic name entry element |
Cold cases (Criminal investigation) |
| Source of heading or term |
fast |
| Authority record control number or standard number |
(OCoLC)fst01736451. |
| 650 #7 - SUBJECT ADDED ENTRY--TOPICAL TERM |
| Topical term or geographic name entry element |
Infante, Kevin (Fictitious character) |
| Source of heading or term |
fast |
| Authority record control number or standard number |
(OCoLC)fst01741438. |
| 650 #7 - SUBJECT ADDED ENTRY--TOPICAL TERM |
| Topical term or geographic name entry element |
Kidnapping. |
| Source of heading or term |
fast |
| Authority record control number or standard number |
(OCoLC)fst00987322. |
| 650 #7 - SUBJECT ADDED ENTRY--TOPICAL TERM |
| Topical term or geographic name entry element |
Police. |
| Source of heading or term |
fast |
| Authority record control number or standard number |
(OCoLC)fst01068398. |
| 651 #0 - SUBJECT ADDED ENTRY--GEOGRAPHIC NAME |
| Geographic name |
Baltimore (Md.) |
| Form subdivision |
Fiction. |
| 651 #7 - SUBJECT ADDED ENTRY--GEOGRAPHIC NAME |
| Geographic name |
Maryland |
| Geographic subdivision |
Baltimore. |
| Source of heading or term |
fast |
| Authority record control number or standard number |
(OCoLC)fst01204292. |
| 655 #7 - INDEX TERM--GENRE/FORM |
| Genre/form data or focus term |
Fiction. |
| Source of term |
fast |
| Authority record control number or standard number |
(OCoLC)fst01423787. |
| 655 #7 - INDEX TERM--GENRE/FORM |
| Genre/form data or focus term |
Detective and mystery fiction. |
| Source of term |
lcgft. |
| 901 ## - LOCAL DATA ELEMENT A, LDA (RLIN) |
| a |
MARS |
| 901 ## - LOCAL DATA ELEMENT A, LDA (RLIN) |
| a |
rn |
| b |
CATBL |
| 908 14 - PUT COMMAND PARAMETER (RLIN) |
| Put command parameter |
PS3562.I586 |
| 942 ## - ADDED ENTRY ELEMENTS (KOHA) |
| Source of classification or shelving scheme |
|
| Koha item type |
Books - Fiction |
| 945 ## - LOCAL PROCESSING INFORMATION (OCLC) |
| a |
.b213103680 |
| 946 ## - LOCAL PROCESSING INFORMATION (OCLC) |
| a |
m |